Statistics for European Country Superlatives

Click here to take the quiz!

General Stats

  • This quiz has been taken 499 times
  • The average score is 12 of 20

Answer Stats

HintCountry% Correct
Smallest PopulationVatican City800
98%
Largest PopulationGermany81,276,000
95%
Smallest Area (KM2)Vatican City0.44
94%
Most Tourists (Annual)France83,700,000
89%
Largest Area (KM2)Ukraine576,628
85%
Longest Coastline (KM)Norway25,148
80%
Highest Population Density (KM2)Monaco15142
76%
Shortest Coastline (KM)Monaco4.1
66%
Busiest Airport (passengers)United Kingdom73,405,330
66%
Lowest Recorded Temperature (degrees C)Sweden-53
58%
Tallest Building (metres)United Kingdom309
58%
Highest Recorded Temperature (degrees C)Greece48
57%
Lowest Population Density (KM2)Iceland3
57%
Highest GDP (USD $)Germany3,874,437
49%
Least Tourists (Annual)Liechtenstein52,000
31%
Highest GDP per capita (USD $)Luxembourg97,639
31%
Lowest GDP per capita (USD $)Moldova4,998
29%
Shortest Life Expectancy (years)Ukraine71
23%
Longest Life Expectancy (years)Andorra83
18%
Lowest GDP (USD $)San Marino1,786
18%

Score Distribution

Percentile by Number Answered

Percent of People with Each Score

Your Score History

You have not taken this quiz